LEADER 00864nam a2200217 i 4500 001 000000238712 003 CaOOAMICUS 005 20150211000000.0 008 150211s1933 it u000 u ita u 013 $a217617 040 $aSeMil$bita 100 1 $aAgrati, Carlo.$0(OLS)http://semarc/name/53924 245 10$aNel paese di Lénin /$cCarlo Agrati. 260 $aMilano :$bAlacer,$cstampa 1933. 300 $a225 p., [4] p. di tav. ;$c20 cm. 650 4$aUnione Sovietica - Condizioni economiche e sociali.$0(OLS)http://semarc/subject/38431 650 4$aUnione sovietica - Viaggi.$0(OLS)http://semarc/subject/42202 850 $aSeMil 852 $aSeMil$W1$xVenegono$y1$m3N II 73$j189058$B189058$CSeMilBibl$Z2$F199826 $81 996 $6245$aNel paese di Lénin$9(OLS)http://semarc/title/340116 996 $6260$aMilano :$bAlacer$9(OLS)http://semarc/publisher/49980 LEADER 01754nam a2200313 i 4500 001 000000110090 003 CaOOAMICUS 005 20150923000000.0 008 150923s1999 it u000 u ita u 013 $a82771 020 $a88-8220-089-2 040 $aSeMil$bita 100 1 $aBuzzi Donato, Alessandro.$0(OLS)http://semarc/name/46183 245 10$aMilano al voto dal 1919 ai nostri giorni :$bgeografia elettorale milanese e analisi del comportamento elettorale. Elezioni dirette del Presidente e del Consiglio Provinciale di Milano /$cAlessandro Buzzi Donato ... [et al.] ; a cura di Daniele Comero e Giancarlo Rovati. 260 $aMilano :$bPrometheus,$ccopyr. 1999. 300 $a306 p. ;$c25 cm. 490 0 $aElezioni e società ;$v2 500 $aIn mezzo al front : Atlante elettorale italiano, 1946-1996. + [1] fascicolo di appendice al volume. 650 4$aElezioni - Milano - 1919-1996.$0(OLS)http://semarc/subject/19571 650 4$aElezioni - Italia - 1946-1996.$0(OLS)http://semarc/subject/19572 700 1 $aRovati, Giancarlo.$0(OLS)http://semarc/name/46185 700 1 $aComero, Daniele.$0(OLS)http://semarc/name/46184 830 0$aElezioni e società ;$v2.$0(OLS)http://semarc/title/10563 850 $aSeMil 852 $aSeMil$W1$xVenegono$y1$m3N VI 38$j66012$B66012$CSeMilBibl$Z2$F74610 $81 961 $aOmaggio: Colasanto Prof. Michele 996 $6020$a88-8220-089-2$9(OLS)http://semarc/number/91723 996 $6245$aMilano al voto dal 1919 ai nostri giorni :$bgeografia elettorale milanese e analisi del comportamento elettorale. Elezioni dirette del Presidente e del Consiglio Provinciale di Milano$9(OLS)http://semarc/title/159982 996 $6260$aMilano :$bPrometheus$9(OLS)http://semarc/publisher/32155